| 000 | 01294nam a22003497a 4500 | ||
|---|---|---|---|
| 003 | CHAP | ||
| 005 | 20220329141038.0 | ||
| 008 | 971013s1994 mx r 00010 spa d | ||
| 010 | _a61799 | ||
| 011 | _a62771 | ||
| 035 | _a66946 | ||
| 040 | _cCHAP | ||
| 090 | _aTesis | ||
| 100 | 0 | 0 |
_aSalazar Rodríguez, José Flavio. _9101435 |
| 245 | 1 | 0 |
_aAdministración y seguridad públicas en el municipio de Amecameca, Estado de México de 1980 - 1991 _c/por José Flavio Salazar Rodríguez |
| 260 |
_aMéxico, D.F. : _bEl autor, _c1994 |
||
| 300 | _a141 h. | ||
| 502 | _aTesis (Lic. en Administración Pública). --UNAM. Facultadde Ciencias Políticas y Sociales | ||
| 590 |
_aALEPH _b10 _c20130110 _lUCH01 _h1344 |
||
| 590 |
_aBATCH-UPD _b10 _c20130110 _lUCH01 _h1217 |
||
| 590 |
_aBATCH-UPD _b10 _c20130410 _lUCH01 _h0754 |
||
| 590 |
_aBATCH-UPD _b10 _c20130914 _lUCH01 _h1210 |
||
| 590 |
_aCONVERSION _b10 _c20130109 _lUCH01 _h1333 |
||
| 650 | 1 | 4 |
_aAdministracion publica. _9934 |
| 650 | 1 | 4 |
_aDivisiones administrativas y políticas. _933028 |
| 650 | 1 | 4 |
_aMéxico (Edo.) _xCondiciones sociales. _976825 |
| 650 | 1 | 4 |
_aSeguridad social rural. _9103689 |
| 901 | _aBK | ||
| 942 | _cTESIS | ||
| 949 |
_bBC _cTES _d-153415 _eTS1 _h29107 _i66946 _si |
||
| 949 |
_bBC _cTES _d33724000604146 _eTS1 _h30681 _i66946 _si |
||
| 999 |
_c61799 _d61799 |
||